000 00366 a2200169 4500
001 189474
020 _a
040 _cMagnum
100 _aRabelo, Antônio Cesário Mendes
240 1 0 _aMeu chevrolet 51 e eu
_lpor
245 1 0 _aMeu chevrolet 51 e eu
300 _a264
362 0 _a2004
440 1 _aO Lutador
697 _aLITERATURA GERAL
942 _cBK
999 _c189474
_d189474